000
00253 a2200109 4500
001
9148
082
_a
796.342 LTA
090
_c
7325
_d
7325
100
_a
L T A
245
_a
Start lawn tennis with Dan Maskell (Transfered to SOA)
_h
English
260
_b
Allen
_a
1962
942
_a
NUST-CAE
999
_c
244221
_d
244221